000 00663nam a2200217Ia 4500
003 BUBTL
008 151213s9999 xx 000 0 und d
020 _a984-32-0119-1
082 _a657.46095492
_bHAA
100 _aFazlul Haque , M. A. Akkas & A. S. M. Ashif
245 _aThree Taxes of Bangladesh
_cFazlul Haque , M. A. Akkas & A. S. M. Ashif
250 _a6th
260 _aDhaka
_bMallik & Brothers
_c2008
300 _a312p . :
_b25cm .
_cAccounting .
650 _aAccounting
650 _aAccounting
700 _aFazlul Haque , M. A. Akkas & A. S. M. Ashif
856 _k0
_l0
_yDownload
942 _2ddc
_cBK
999 _c3466
_d3466